000 00648nam a22002177a 4500
003 OSt
005 20140310181801.0
008 130703t xxu||||| |||| 00| 0 eng d
020 _a9781842362884
050 _aQ 163
_b .F235 2004
082 _aREF 503
_bF231h 2004
245 _aGrolier science library :
_bHow things work/
_cJohn Farndon
260 _aChina :
_bMiles Kelly Publishing Ltd,
_cc2004.
300 _a40 p. :
_bill. col. ;
_c31 cm.
500 _aIncludes index
520 _a1. Science--Juvenile literature. 2. Physical science.
521 _aBasic Ed. Students
541 _j1
562 _e1
942 _2lcc
_cBK-GR
_kREF
999 _c3615
_d3615